000 00683nam a2200229Ia 4500
005 20241129104337.0
008 241129s9999||||xx |||||||||||||| ||und||
020 _a9780198078548
037 _aTextual
040 _aRTL
_beng
_cRTL
041 _aeng
_2eng
084 _aY58.2.N47 Q2
_qRTL
100 _aRobinson Rowena
245 0 _aMinority studies
_cRobinson Rowena
260 _aNew Delhi
_bOxford University Press
_c2012
300 _ax,319p.
365 _aINR
_b495
490 _aOxford India Studies in Contemporary Society
650 _aExploration of Minority Rights and Issues
_9725897
942 _cTB
_hY58.2.N47 Q2
999 _c1225487
_d1225487